00486nam a2200145 i 450000100060000000300090000600700030001500800410001810000370005924500560009626000370015230000200018950001050020985200260031459947ES-MaACLt|031031q19001910sp ||||1| spa d1 aErcilla y Zúñiga, Alonso de.13aLa auraucana / cde Alonso de Ercilla y Zúñiga. a[S.l. : bVinne Press, c[190-?] a2 v. ; c22 cm. aEl v.1 es ed. facsimil de la impresa en Madrid en 1569 y el v.2 de la publicada en Zaragoza en 1578. aES-MaACLjB-5667-5668